[Event "Moscow Tal Memorial 6th"]
[Site "Moscow"]
[Date "2011.11.23"]
[Round "7"]
[White "Nakamura, Hikaru"]
[Black "Ivanchuk, Vassily"]
[Result "0-1"]
[WhiteElo "2758"]
[BlackElo "2775"]
[Annotator "Ramirez Alvarez,A"]
[PlyCount "80"]
[EventDate "2011.11.16"]
[EventType "tourn"]
[EventRounds "9"]
[EventCountry "RUS"]
[EventCategory "22"]
[SourceTitle "CBM 146"]
[Source "ChessBase"]
[SourceDate "2012.01.18"]
[SourceVersion "1"]
[SourceVersionDate "2012.01.18"]
[SourceQuality "1"]
[TimeControl "6000+30"]

1. d4 Nf6 2. c4 g6 3. Nc3 d5 {The Grünfeld seemed to have had a resurgence in
the Tal Memorial. Maybe it's the new fashion, again.} 4. Bf4 {Nakamura decides
to switch variations after not getting much more than a very complex position
against Svidler with 4. cxd5.} Bg7 5. e3 O-O 6. Rc1 dxc4 (6... c5) (6... c6 {
are more common moves.}) 7. Bxc4 Nbd7 (7... c5 8. dxc5 Qa5 {transposes back to
a very topical line of the Grünfeld, which has been the subject of much debate
since the 80s.}) 8. Nb5 $6 {It's hard to criticise a 2750's 8th move, but I
have a hard time understanding this move. The queen's knight in the Grünfeld
sometimes has some interesting stories. It is not unusual for the N to go to
b5, then to c7, boldly take the rook on a8 while Black opens up the centre and
counterattacks against the king to compensate for the material deficit.
However this is just not one of those cases: the N clearly can't go to c7
after 8... c6. Hikaru's idea lies elsewhere, but it seems dubious.} (8. Nf3 Nh5
9. Bg5 h6 10. Bh4 g5 11. Bg3 Nxg3 12. hxg3 {might not have been to Hikaru's
liking.}) (8. h3 c5 $11 {is too slow.}) 8... c6 9. Bc7 Qe8 10. Nc3 {Hikaru
might have reached this position in his mind and thought that Black would have
a hard time developing. If, for example, he decideds to play 10...Nb6, he
would lose control over both c5 and e5 making his breaks that much harder to
achieve. He may have thought that 10...e5 lost to 11.Bd6, but Vassily
disagreed.} e5 $1 11. dxe5 (11. Bd6 exd4 12. Bxf8 (12. Qxd4 $2 Ne4 $1 $17 {
and the N is taboo.}) 12... Qxf8 (12... dxc3 13. Bxg7 cxb2 14. Rc2 Kxg7 15.
Rxb2 Qe4 16. Bf1 {also provides obvious compensation.}) 13. exd4 Nb6 14. Bb3
Bg4 $44) 11... Nxe5 12. Be2 Bf5 13. Nf3 Nxf3+ 14. Bxf3 Rc8 {Black has got a
dream position out of the opening. His pieces are active and he is slightly
better developed. Hikaru is only slightly worse, but having this situation
after only 14 moves with White is very unpleasant.} 15. Bg3 Ne4 16. Bxe4 (16.
Nxe4 $6 Bxe4 {leaves too many diagonals open against the queenside.}) 16...
Bxe4 17. O-O Rd8 18. Qa4 Bd3 19. Rfd1 b5 20. Qa5 (20. Qxa7 b4 21. Na4 Bc2 22.
Rxd8 Qxd8 $17 {is majorly unpleasant.}) 20... Rd7 21. Rd2 Qe7 22. Rcd1 Rfd8 {
Pair of bishops, queenside majority, queenside pressure. Black is still only
slightly better but there is no doubt that the pull is quite lasting.} 23. a3
h5 24. h3 h4 25. Bh2 Kh7 $6 (25... Bf6 26. Bc7 Rxc7 27. Rxd3 Rxd3 28. Rxd3 Rd7
29. Rxd7 Qxd7 $17) 26. Bc7 $1 {A nice stroke, forcing the exchange of a pair
of bishops. This gives White some breathing space. And eliminates the pair of
bishops. Not sufficient to equalise, but White is improving his game little by
little.} Rxc7 27. Rxd3 Rxd3 28. Rxd3 Bf6 (28... Rd7 29. Rxd7 Qxd7 30. Qb4 $11 {
and White's just in time to defend everything because h4 is hanging.}) 29. Rd2
$6 (29. Qb4 Qxb4 30. axb4 {gave White great drawing chances thanks to his
dominating rook.}) 29... Rd7 30. Rc2 (30. Rxd7 Qxd7 {[%csl Rb2,Rf2,Rh2][%cal
Rf6b2,Rf6e5,Re5h2,Gd7d2,Gd2e1] was possible but the white Q is so out of play
that Black's advantage is considerable. White will have problems defending f2
and b2.}) 30... Qe6 31. Qb4 a5 32. Qf4 (32. Qxa5 $2 Qb3 $17) 32... Kg7 33. Rc1
{Another strange move in a series of strange decisions. This allows the black
rook access to the 2nd rank.} a4 (33... Rd2 34. Ne4 Bxb2 {was completely
winning. Time pressure is the only explanation.}) 34. Qb4 Rd3 35. Rc2 $2 {
The last bad move seals the deal. Ivanchuk doesn't let this opportunity escape.
} (35. Kf1 {was necessary to start trying to patch up some of the weaknesses.
However it is difficult to play this move, as it seems the K is simply getting
weaker.} Be7 $17) 35... Qb3 36. Qxb3 axb3 37. Rc1 Bxc3 38. bxc3 c5 39. Kf1 c4
40. Ke2 Rxc3 {Not Hikaru's brightest game. Really marked by mistakes and Black
never had a worry in the world.} 0-1

[Event "Beijing Sportaccord blindfold"]
[Site "Beijing"]
[Date "2011.12.14"]
[Round "1"]
[White "Ivanchuk, Vassily"]
[Black "Giri, Anish"]
[Result "1-0"]
[WhiteElo "2775"]
[BlackElo "2714"]
[PlyCount "129"]
[EventDate "2011.12.14"]
[EventType "swiss (rapid)"]
[EventRounds "7"]
[EventCountry "CHN"]
[SourceTitle "CBM 145 Extra"]
[Source "ChessBase"]
[SourceDate "2012.01.03"]
[SourceVersion "1"]
[SourceVersionDate "2012.01.03"]
[SourceQuality "1"]

1. e4 e5 2. Nc3 Nf6 3. Bc4 Nc6 4. d3 Bb4 5. Nge2 Na5 6. a3 Bxc3+ 7. Nxc3 Nxc4
8. dxc4 h6 9. Be3 d6 10. f3 Be6 11. Qe2 Qe7 12. O-O-O a6 13. b3 c6 14. Bb6 O-O
15. Kb2 c5 16. Qd2 Ne8 17. a4 Rc8 18. a5 Rc6 19. g4 Qh4 20. Qg2 Nf6 21. Rd3 Nd7
22. Na4 Nxb6 23. Nxb6 Rd8 24. Rhd1 Kf8 25. h3 h5 26. Rg1 Ke7 27. Qd2 g5 28. Rd1
f6 29. b4 cxb4 30. c5 Qxh3 31. cxd6+ Kf7 32. gxh5 b3 33. cxb3 Qxh5 34. d7 Qh8
35. Rc3 Rxc3 36. Qxc3 Qh2+ 37. Rd2 Qf4 38. Rd6 Qh2+ 39. Ka3 Qg1 40. Kb4 Qf1 41.
Ka3 Qg1 42. Rd3 Ke7 43. Qb4+ Kf7 44. Qd2 Qa1+ 45. Kb4 Kg6 46. Kc5 Qh1 47. Kd6
Kf7 48. Kc7 Qh8 49. Qb4 Qg8 50. Rd2 Qh8 51. Rh2 Qxh2 52. Kxd8 Kg6 53. Kc7 Bxd7
54. Nxd7 Qe2 55. Qb6 Kh5 56. Qxf6 Qc2+ 57. Kb8 Kh4 58. Nxe5 Qxb3 59. Qh6+ Kg3
60. Qxg5+ Kf2 61. Qd2+ Kg3 62. f4 Qg8+ 63. Ka7 Kh3 64. Qe3+ Kh4 65. Qe1+ 1-0

[Event "Tata Steel-A 74th"]
[Site "Wijk aan Zee"]
[Date "2012.01.25"]
[Round "10"]
[White "Navara, David"]
[Black "Ivanchuk, Vassily"]
[Result "0-1"]
[WhiteElo "2712"]
[BlackElo "2766"]
[Annotator "Marin,M"]
[PlyCount "82"]
[EventDate "2012.01.14"]
[EventType "tourn"]
[EventRounds "13"]
[EventCountry "NED"]
[EventCategory "21"]
[SourceTitle "CBM 147"]
[Source "ChessBase"]
[SourceDate "2012.03.16"]
[SourceVersion "1"]
[SourceVersionDate "2012.03.16"]
[SourceQuality "1"]

1. d4 Nf6 2. c4 e6 3. Nf3 c5 4. d5 d6 5. Nc3 exd5 6. cxd5 g6 7. e4 Bg7 8. h3 a6
9. a4 Nbd7 10. Bd3 Nh5 {Black usually plays this after both sides have castled.
As revealed by the following comment, carrying out the plan in accelerated
form restricts White's choice.} 11. Bg5 ({After} 11. O-O Ne5 {there are a few
games played by Woitaszek proving the merits of this concrete move order:} 12.
Be2 (12. Nxe5 Bxe5 13. f4 (13. Be3 Qh4 $36) 13... Bd4+ 14. Kh2 O-O {This is
not too logical actually.} ({There was no hurry to castle:} 14... Qh4 $5 15.
Qf3 Nf6) 15. Qf3 Qc7 $6 (15... Qh4 $5) 16. g4 c4 $6 (16... Ng7 17. f5 $36) 17.
Bc2 $6 (17. gxh5 cxd3 18. Qxd3 Bg7 19. f5 $16) 17... Ng7 18. Be3 $14 {Jaworski,
M (2347)-Wojtaszek,R (2637)/Chotowa 2007/EXT 2009 (1/2, 41)}) 12... Nxf3+ 13.
Bxf3 Qh4 14. Bxh5 gxh5 {With the additional moves ...0-0 and Re1, White has
chances to retain an advantage. Here, Black seems to be doing fine. The g-file
can be used by his king's rook, while the king may well go to the queenside.}
15. Qd3 (15. Ne2 Rg8 16. Ra3 Be5 17. Kh1 (17. Qd3 c4 {[%cal Gc4c3]} 18. Qxc4
Bxh3 19. Rg3 Bxg3 20. fxg3 Rxg3 21. Nxg3 Qxg3 22. Qe2 Rc8 23. Bf4 Qg6 $13)
17... Qxe4 $132 18. Ng3 $2 {Skembris,S (2455)-Wojtaszek,R (2630)/Athens 2006/
CBM 114 ext (0-1, 26)} Bxh3 $3 {An unexpected resource overlooked by both
players.} 19. Nxe4 Bxg2+ 20. Kg1 Bf3+ 21. Ng5 Bxd1 22. Rxd1 h6 $17) 15... Rg8
16. Kh1 Bd7 $132 17. f4 $2 c4 $1 18. Qf3 (18. Qe3 Bd4 $1 $19) 18... Bd4 19. Be3
Rg3 20. Bxd4 {In th game Dziuba,M (2494)-Wojtaszek,R (2606)/Warsaw 2005/CBM
110 ext (0-1, 34) Black took the queen, which offered White adequate
compensation. Better would have been:} Bxh3 $1 21. Qxg3 Qxg3 22. gxh3 Qxh3+ 23.
Kg1 Qg3+ 24. Kh1 Ke7 $19) ({If} 11. Be3 {Black should probably transpose to
the normal lines with 11...0-0, since} Ne5 $6 12. Be2 Nxf3+ 13. Bxf3 {leads to
some problems:} O-O ({With the king in the centre,} 13... Nf6 {is answered with
} 14. e5 $1 dxe5 15. Bxc5) 14. Bxh5 gxh5 15. Qxh5 f5 {Black has some
compensation, but it should not be enough.} 16. Bh6 Qe8 17. Qg5 Qg6 18. Qxg6
hxg6 19. Bxg7 Kxg7 20. O-O $16 {Siebrecht,S (2456)-Reich,T (2368)/Germany 2010/
EXT 2011 (1-0, 29)}) 11... Bf6 12. Be3 {Now, Black has nothing better than
transposing to the normal lines. He got his own wish in the meantime: the
g7-square for his knight.} O-O 13. O-O Re8 14. a5 $5 {With the black knights
disconnected and therefore unable to fight for the c4-square properly, this is
a logical move.} ({The natural developing move} 14. Qd2 {is more popular, but
possibly less dangerous.} Ne5 ({This is the most natural, but} 14... Qc7 {
worked for once in Kramnik,V (2710)-Illescas Cordoba,M (2625)/Alcobendas 1993/
CBM 039/[Ftacnik] (1/2, 28)}) 15. Be2 Nxf3+ 16. Bxf3 Ng7 17. a5 (17. Bf4 Qc7
18. Rab1 Bd7 19. Rfc1 b5 {This is one of the problems caused by Bd3-e2xf3:
Black carries out the queenside plan efortlessly.} 20. b4 c4 21. axb5 axb5 22.
Ra1 Rxa1 23. Rxa1 Rb8 24. Bg4 Bxg4 25. hxg4 Qe7 26. f3 g5 27. Be3 h5 28. Ra7
Qd8 $132 {Malaniuk,V (2494)-Malakhov,V (2714)/Olginka 2011/CBM 142 (0-1, 37)})
(17. Rfe1 b6 {Karjakin,S (2727)-Gashimov,V (2717)/Sochi 2008/CBM 126/[Marin,M]
(1/2, 41)}) (17. Rfc1 Bd7 18. Rab1 b5 {A familiar pattern.} 19. axb5 axb5 20.
b4 c4 21. Ra1 h5 22. Rxa8 Qxa8 23. Bd4 Be5 24. Be2 Qa3 25. Rb1 f5 $132 {
Sundararajan,K (2441)-Spraggett,K (2591)/Metz 2008/CBM 123 Extra (0-1, 43)})
17... Bd7 {Right in time, taking measures against Na4-b6 with queenside
paralysis.} 18. Na4 Bxa4 19. Rxa4 b5 20. axb6 Qxb6 {After opening the b-file
Black has reasonable counterplay.} 21. Rb1 a5 22. b3 (22. Qc2 Be5 23. g4 Qd8
24. Be2 f5 25. exf5 gxf5 26. gxf5 Qf6 27. Rg4 Kh8 $13 {Arlandi,E (2449)
-Mantovani,R (2372)/Montecatini Terme 2001/CBM 085 ext (0-1, 66)}) 22... Be5
23. Bd1 f5 24. Bc2 fxe4 25. Bxe4 (25. g4 $5) 25... Rf8 (25... Nh5 $5) 26. g4
Qd8 27. f4 Bf6 28. Kg2 $14 {Kozhuharov,S (2404)-Nikolov,M (2553)/Albena 2010/
CBM 136 Extra (1-0, 45)}) 14... Rb8 15. Qc2 {Keeping the d2-square available
for the knight.} Ne5 (15... b5 16. axb6 Rxb6 17. Nd2 $14) 16. Be2 Nxf3+ ({
One of Black's main ideas in the Benoni is exchanging one minor piece, and
this is precisely how this whole plan is designed. Therefore,} 16... Ng7 {
makes little sense:} 17. Nd2 $1 $14 {Topalov,V (2455)-Dochev,D (2290)/Bulgaria
1991/TD (1-0, 28)}) 17. Bxf3 Ng7 {Black's king's minor pieces have changed
places. The bishop enjoys satisfactory mobility after the f3-knight has
disappeared, but Black will need to carry out ...f5 in order to justify the
knight's presence in "fianchetto".} 18. Bf4 $146 (18. Na4 {is a critical move,
since Black has not played ...Bd7 yet.} Qxa5 $1 {This is as risky as it looks,
but Black has to play it.} (18... Bd7 $6 {is too passive.} 19. Nb6 Bb5 20. Rfe1
Be5 21. Qd2 f5 22. Bg5 Qc7 23. Rac1 Qf7 24. b4 $16 {Demuth,A (2339)-Spraggett,
K (2606)/Arinsal 2009/CBM 131 Extra (1/2, 28)}) 19. b4 $1 {The only way to
justify the pawn sacrifice.} (19. Nxc5 $2 Qc7 $17 20. Bf4 Be5 $1) (19. Bf4 Be5)
19... Qxb4 (19... cxb4 20. Bb6 Qb5 21. Bc7 Bxh3 22. Bxb8 Rxb8 23. gxh3 b3 24.
Qc7 Rf8 $13 {Black has thre pawns for the rook, but will get some material
back, owing to White's lack of harmony. For instance,} 25. Qb6 $2 {loses a
rook after the short sequence} Bxa1 26. Rxa1 b2) 20. Rab1 Qa5 21. Nb6 Qc3 22.
Qe2 Qe5 23. Nc4 Qe7 24. Bf4 Rd8 $13 {Black is quite passive for the moment,
but his three (!) passed pawns may become dangerous in the ending.}) 18... b5
19. axb6 Rxb6 {We have a typical Benoni position, in which both sides have
entirely satisfactory development. Objectively, White should be slightly
better, but Black has sufficient practical chances to fight on.} 20. Ra2 Bd4 {
/\...Qf6} 21. Ne2 Be5 22. Bxe5 Rxe5 23. Nf4 {By placing the knight on this
unusual square, White probably wanted to control e6 and inhibit ...f5.} Bd7 24.
Rfa1 (24. Nd3 Re8 25. Rfa1 Bb5 {does not improve White's position if compared
to the game.}) 24... Bb5 25. Be2 Qf6 {The idea of giving up the bishop for a
knight is typical for the Benoni. However, this mainly applies when the knight
is suited for a blockade on the dark squares. Since here the main plan is ...
f5, it is worth mentioning an alternative.} (25... Bxe2 26. Nxe2 $1 (26. Qxe2 {
places the queen under a pin. The best for Black is probably} Nf5 $5 {
activating the knight without weakening the kingside.}) 26... f5 27. Ng3 $1
fxe4 (27... f4 28. Nf1 $16 {[%csl Gg7][%cal Gf1d2,Gd2c4]}) 28. Nxe4 Qe7 29. f3
Qb7 30. Qc3 $36) 26. Bxb5 Qxf4 27. Bd3 f5 28. g3 $6 (28. Rxa6 Rxa6 29. Rxa6
fxe4 30. Ra8+ Kf7 31. Qa4 Nf5 32. Ra7+ Kf6 $40) (28. Ra4 $1 {looks like the
best chance to retain an edge.} fxe4 29. Bxe4 Nf5 30. g3 Qg5 31. R1a3 $14 {
White's rooks maintain the pressure on a6 while defending the own kingside.
Black's counterplay seems to have reached a dead end for the time being, since}
Nd4 $2 {loses to} 32. Rxd4 cxd4 33. f4 $18) 28... Qf3 $132 29. exf5 (29. Ra4
fxe4 30. Bxe4 Qb3 $1) 29... Nxf5 30. Bxf5 $2 (30. Rxa6 Rxa6 31. Bxa6 Nd4 32.
Qc3 Qf5 $36) 30... Re2 $17 31. Be6+ $6 Kf8 32. Qxe2 Qxe2 33. b4 Qe4 $1 34. Rxa6
(34. bxc5 $2 Rb1+ $1 $19) 34... Rxa6 35. Rxa6 c4 36. Rc6 c3 37. Rc8+ Kg7 38.
Rc7+ Kf6 39. Kh2 Qd4 40. f4 g5 41. fxg5+ Ke5 0-1